| 000 -CABECERA |
| Longitud fija campo de control |
00945nam a2200241 i 4500 |
| 001 - NÚMERO DE CONTROL |
| Número de control |
991060788711606706 |
| 003 - IDENTIFICADOR DEL NÚMERO DE CONTROL |
| Identificador del número de control |
OSt |
| 005 - FECHA Y HORA DE LA ÚLTIMA TRANSACCIÓN |
| Fecha y hora de la última transacción |
20230523104718.0 |
| 008 - CÓDIGOS DE INFORMACIÓN DE LONGITUD FIJA |
| Códigos de información de longitud fija |
221026s2022 spca||| |||| 0|0 0 cat| |
| 015 ## - NÚMERO DE BIBLIOGRAFÍA NACIONAL |
| Número de bibliografía nacional |
LL2022 |
| Fuente |
bnc |
| 040 ## - FUENTE DE LA CATALOGACIÓN |
| Centro transcriptor |
CDMR |
| 245 00 - MENCIÓN DE TÍTULO |
| Título |
50 anys de fotoperiodisme de Kim Manresa |
| Resto del título |
: [catàleg de l'exposició, del 23 de maig al 18 de setembre de 2023] |
| Mención de responsabilidad, etc. |
/ [textos: Joan Maria Morros... [et al.]; comissària: Esther Molas] |
| 264 #1 - PRODUCCIÓN, PUBLICACIÓN , DISTRIBUCIÓN, FABRICACIÓN Y COPYRIGHT |
| Lugar de producción, publicación, distribución, fabricación |
[Barcelona : |
| Nombre del productor, editor, distribuidor, fabricante |
Col·legi de Periodistes de Catalunya, |
| Fecha de de producción, publicación, distribución, fabricación o copyright |
2023] |
| 300 ## - DESCRIPCIÓN FÍSICA |
| Extensión |
40 pàgines sense numerar : |
| Otras características físicas |
principalment il·lustracions en blanc i negre |
| Material anejo |
+ un pòster desplegable |
| 600 10 - PUNTO DE ACCESO ADICIONAL DE MATERIA - NOMBRE DE PERSONA |
| 9 (RLIN) |
233 |
| Nombre de persona |
Manresa, Kim |
| Subdivisión de materia general (R ) |
Exposicions |
| 650 #7 - PUNTO DE ACCESO ADICIONAL DE MATERIA - TÉRMINO DE MATERIA |
| Término de materia o nombre geográfico como elemento inicial |
Fotografia documental |
| Subdivisión geográfica |
Catalunya |
| Subdivisión de materia general |
Exposicions. |
| Fuente del encabezamiento o término |
lemac |
| 650 #0 - PUNTO DE ACCESO ADICIONAL DE MATERIA - TÉRMINO DE MATERIA |
| Término de materia o nombre geográfico como elemento inicial |
Fotoperiodisme |
| Subdivisión geográfica |
Catalunya |
| Subdivisión de materia general |
Exposicions |
| 9 (RLIN) |
3679 |
| 700 ## - PUNTO DE ACCESO ADICIONAL - NOMBRE DE PERSONA |
| Nombre de persona |
Molas, Esther |
| 9 (RLIN) |
4768 |
| 700 ## - PUNTO DE ACCESO ADICIONAL - NOMBRE DE PERSONA |
| Nombre de persona |
Joan Maria Morros |
| 9 (RLIN) |
4846 |
| 908 ## - CONTROL DE PARÁMETROS (RLIN) |
| Parametro de comando lanzado |
BC |
| 940 ## - |
| T&íacute;tulo uniforme |
<a href="BC">BC</a> |
| 942 ## - ENTRADA DE ELEMENTOS AGREGADOS (KOHA) |
| Fuente de clasificaión o esquema |
|
| Koha [por defecto] tipo de item |
Fullets |